Municipios de Risaralda - Map Quiz - Estadísticas

Estadísticas generales
  • Esta prueba ha sido intentada 691 veces
  • La puntuación promedio es 10 de 14
Respuestas en el mapa
Las respuestas están codificadas por una escala verde-roja en el mapa de la prueba según el % correcto abajo.
 
Estadísticas de respuestas
Respuesta % Correcto
PEREIRA
100%
DOSQUEBRADAS
96%
SANTA ROSA DE CABAL
88%
LA VIRGINIA
84%
MARSELLA
74%
QUINCHIA
73%
BELEN DE UMBRIA
72%
APIA
71%
PUEBLO RICO
71%
MISTRATO
68%
SANTUARIO
65%
LA CELIA
64%
GUATICA
61%
BALBOA
60%
No se encontraron pruebas coincidentes
Distribución de puntuación
Porcentaje de gente con cada puntuación
Porcentaje por número respondido
Historial de tus puntuaciones
No has intentado esta prueba.